[Event "Campomanes Mem GM Open"]
[Site "Bandar Seri Begawan BRU"]
[Date "2012.04.09"]
[Round "4.9"]
[White "Zulkipli,Z"]
[Black "Mas,H"]
[Result "0-1"]
[WhiteElo "2066"]
[BlackElo "2377"]

1.d4 Nf6 2.c4 e6 3.g3 Bb4+ 4.Bd2 Qe7 5.Qc2 Nc6 6.Nf3 d5 7.a3 Bxd2+ 8.Nbxd2 O-O
9.Bg2 Rd8 10.O-O dxc4 11.e3 e5 12.Nxe5 Nxe5 13.dxe5 Qxe5 14.Nxc4 Qb5 15.b4 Bf5
16.e4 Rd4 17.exf5 Rxc4 18.Qb1 Rd8 19.a4 Qxb4 20.Bxb7 Qc5 21.Qb5 Rb8 22.Qa6 c6
23.Rab1 h5 24.Bc8 Rxb1 25.Rxb1 h4 26.Qb7 h3  0-1

[Event "Karposh Open 2012"]
[Site "Skopje MKD"]
[Date "2012.04.13"]
[Round "8.10"]
[White "Rusev,K"]
[Black "Yemelin,V"]
[Result "1/2-1/2"]
[WhiteElo "2516"]
[BlackElo "2567"]

1.d4 Nf6 2.c4 e6 3.g3 Bb4+ 4.Bd2 Be7 5.Bg2 d5 6.Nf3 c6 7.Qc2 b6 8.O-O Ba6
9.b3 O-O 10.Rd1 Nbd7 11.Bf4 Rc8 12.Nc3 Qe8 13.e4 dxc4 14.Nb1 b5 15.bxc4 bxc4
16.Nc3 Nb6 17.a4 h6 18.Rab1 Bd8 19.Qa2 Nbd7 20.a5 Bc7 21.Bxc7 Rxc7 22.Nd2 e5
23.Nxc4 Qe7 24.Qa3 Qxa3 25.Nxa3 Re8 26.f4 exf4 27.gxf4 Nh5 28.f5 Nf4 29.Bf1 Bxf1
30.Rxf1 g5 31.fxg6 Nxg6 32.Nc4 Ndf8 33.Nd6 Rd8 34.Nf5 h5 35.Rb4 Ne6 36.Rc4 Kf8
37.Ne2 Ne7 38.h4 Nxf5 39.Rxf5 Rcd7 40.Rxh5 Nxd4 41.Rh8+ Kg7 42.Rxd8 Nxe2+
43.Kf2 Rxd8 44.Kxe2 Re8 45.Rxc6  1/2-1/2

[Event "TCh-CZE Extraliga 2011-12"]
[Site "Czech Republic CZE"]
[Date "2012.04.22"]
[Round "11.5"]
[White "Rojicek,V"]
[Black "Hracek,Z"]
[Result "1/2-1/2"]
[WhiteElo "2406"]
[BlackElo "2624"]

1.d4 Nf6 2.c4 e6 3.g3 Bb4+ 4.Bd2 Qe7 5.Bg2 Nc6 6.Nf3 Bxd2+ 7.Qxd2 Ne4 8.Qc2 Qb4+
9.Nbd2 Nxd2 10.Qxd2 Qxc4 11.a3 O-O 12.O-O Qb5 13.Rfc1 Qb6 14.b4 a5 15.Rab1 axb4
16.axb4 d5 17.Qc3 Bd7 18.b5 Na7 19.Ne5 Be8 20.Qxc7 Qxc7 21.Rxc7 Nxb5 22.Rxb7 Nxd4
23.e3 Ne2+ 24.Kf1 Nc3 25.Rc1 Ra3 26.Bf3 f6 27.Nd7 Rf7 28.Rb8 Rxd7 29.Rxe8+ Kf7
30.Rh8 Kg6 31.h4 Rb7 32.Rc8 Nb5 33.Rb1 Raa7 34.Kg2 Nd6 35.Rxb7 Nxc8 36.Rb8 Rc7
37.Be2 f5 38.g4 fxg4 39.Bxg4 Kf6 40.Ra8 Rc6 41.Be2 Nd6 42.Bd3 h6 43.Rf8+ Ke7
44.Rg8 Kf7 45.Rd8 Nc4 46.Bh7 Rd6 47.Rb8 Rb6 48.Ra8 Nd6 49.h5 Nf5 50.Bxf5 exf5
51.Rd8 Ke6 52.f4 Rd6 53.Re8+ Kf7 54.Ra8 d4 55.exd4 Rxd4 56.Kf3 Rd3+ 57.Kg2 Ke6
58.Re8+ Kf7 59.Ra8 Ke6 60.Re8+  1/2-1/2

[Event "Spring Wednesday Knighter Masters"]
[Site "Minneapolis USA"]
[Date "2012.04.25"]
[Round "1.1"]
[White "Amarasinghe,P"]
[Black "Drake,J"]
[Result "1-0"]
[WhiteElo "2019"]
[BlackElo "2191"]

1.d4 Nf6 2.c4 e6 3.g3 Bb4+ 4.Bd2 c5 5.Bxb4 cxb4 6.Bg2 O-O 7.Nf3 d6 8.O-O Nc6
9.Nbd2 e5 10.d5 Nb8 11.a3 Na6 12.Ne1 Qb6 13.Nd3 Bg4 14.axb4 Nxb4 15.c5 Qb5
16.Nxb4 Qxb4 17.cxd6 Qxb2 18.Rb1 Qd4 19.h3 Bc8 20.Qc1 Rd8 21.Rd1 Qa4 22.Nc4 b5
23.Nxe5 Ne8 24.Nc6  1-0

[Event "Magistral Osasco 50 Anos"]
[Site "Osasco BRA"]
[Date "2012.04.27"]
[Round "4.3"]
[White "Mareco,S"]
[Black "Toth,Chr"]
[Result "1-0"]
[WhiteElo "2579"]
[BlackElo "2365"]

1.d4 Nf6 2.c4 e6 3.g3 Bb4+ 4.Bd2 Bxd2+ 5.Nxd2 d5 6.Bg2 O-O 7.Ngf3 b6 8.O-O Bb7
9.Rc1 Nbd7 10.cxd5 exd5 11.Ne5 c5 12.Nxd7 Nxd7 13.dxc5 bxc5 14.Nb3 c4 15.Nd4 Qa5
16.b3 Rab8 17.Nf5 Nf6 18.Rc2 Rfd8 19.Qc1 h6 20.Qf4 cxb3 21.axb3 Qb6 22.Rfc1 d4
23.Bxb7 Rxb7 24.Rc6 Qxb3 25.Rxf6 gxf6 26.Qxh6  1-0

[Event "TCh-AUT 2 Mitte 2011-12"]
[Site "Fuerstenfeld AUT"]
[Date "2012.04.29"]
[Round "11"]
[White "Haba,P"]
[Black "Kovacs,Ga2"]
[Result "1/2-1/2"]
[WhiteElo "2502"]
[BlackElo "2498"]

1.d4 Nf6 2.c4 e6 3.g3 Bb4+ 4.Nd2 O-O 5.Bg2 d5 6.Nf3 Nc6 7.Qc2 Be7 8.O-O a5
9.Rd1 Nd7 10.b3 a4 11.Bb2 Nb4 12.Qb1 axb3 13.axb3 Rxa1 14.Qxa1 b6 15.Bc3 Bb7
16.Qb2 Re8 17.Ra1 Bf8 18.Ne1 Nf6 19.e3 h6 20.Ra4 Nc6 21.b4 Qc8 22.c5 Nb8
23.Nd3 Nbd7 24.Ra1 Ne4 25.Nb3 Ba6 26.Bf1 Bb5 27.Be1 Qb7 28.Ne5 Nxe5 29.Bxb5 Nf3+
30.Kg2 Nxe1+ 31.Rxe1 Ra8 32.Bd3 Nf6 33.Qc2  1/2-1/2

[Event "Norsk Sjakkfestival"]
[Site "Fagernes NOR"]
[Date "2012.05.03"]
[Round "7"]
[White "Ernst,S"]
[Black "Vaarala,E"]
[Result "1-0"]
[WhiteElo "2578"]
[BlackElo "2241"]

1.d4 Nf6 2.c4 e6 3.g3 Bb4+ 4.Nc3 d5 5.Nf3 O-O 6.Bg2 c5 7.O-O Nc6 8.cxd5 exd5
9.Bg5 Be6 10.dxc5 Bxc3 11.bxc3 h6 12.Bxf6 Qxf6 13.Nd4 Qe7 14.Rb1 Qxc5 15.Rxb7 Qxc3
16.Nxe6 fxe6 17.e4 Na5 18.Rb1 Rad8 19.Qg4 Qc6 20.Rbc1 Qb6 21.exd5 exd5 22.Qh5 Kh8
23.Bxd5 Qb5 24.Rfd1 Qb2 25.f4 Qb6+ 26.Kh1 Qb5 27.Bf3 Rxd1+ 28.Rxd1 Qxh5 29.Bxh5 Nc4
30.Rd7 g5 31.Rxa7 gxf4 32.Ra4 fxg3 33.Rxc4 Rf1+ 34.Kg2 gxh2 35.Rh4 Ra1 36.Bf7 Kg7
37.Bb3  1-0

[Event "Open Hradec Kralove 2012"]
[Site "Hradec Kralove CZE"]
[Date "2012.05.16"]
[Round "6"]
[White "Larsen,Pet"]
[Black "Kastner,O"]
[Result "0-1"]
[WhiteElo "2232"]
[BlackElo "2102"]

1.d4 Nf6 2.c4 e6 3.g3 Bb4+ 4.Nd2 d5 5.Bg2 c6 6.Qb3 Qb6 7.Nf3 Nbd7 8.cxd5 exd5
9.O-O O-O 10.a3 Bd6 11.Qxb6 axb6 12.Nb3 Re8 13.Re1 Ne4 14.Bf4 Bxf4 15.gxf4 Nd6
16.Nbd2 Nf8 17.e3 Bf5 18.Rac1 h6 19.Ne5 f6 20.Nxc6 bxc6 21.Rxc6 Ne4 22.Nxe4 Bxe4
23.Bxe4 dxe4 24.Rxb6 Reb8 25.Rxb8 Rxb8 26.b4 Ra8 27.Ra1 Ra4 28.f5 Nd7 29.Kg2 Nb6
30.Kg3 Nd5 31.b5 Nc3 32.b6 Ra6 33.a4 Rxb6 34.Kf4 Ra6 35.a5 Kf7 36.Ra3 Nb5
37.Ra2 Nd6 38.Ra1 h5 39.Ra4 Ke7 40.Ra1 Kd7 41.Ra2 Kc6 42.Rc2+ Kb5 43.Rc5+ Kb4
44.Rd5 Kc4 45.Rc5+ Kd3 46.Kg3 Nc4 47.d5 Rxa5 48.Rxa5 Nxa5 49.d6 Nc6 50.d7 Nd8
51.Kf4 Nf7 52.h4 Nd8 53.f3 exf3 54.Kxf3 Kc4 55.e4 Kd4 56.Kf4 Nf7 57.e5 fxe5+
58.Kf3 e4+  0-1

[Event "ch-CZE 2012"]
[Site "Kouty nad Desnou CZE"]
[Date "2012.05.17"]
[Round "6"]
[White "Simek,P2"]
[Black "Vlasak,Lu"]
[Result "1-0"]
[WhiteElo "2327"]
[BlackElo "2247"]

1.d4 Nf6 2.c4 e6 3.g3 Bb4+ 4.Bd2 c5 5.Bxb4 cxb4 6.Bg2 O-O 7.e4 d6 8.Ne2 e5
9.O-O a5 10.a3 bxa3 11.Nxa3 Nc6 12.Qd2 Qe7 13.Rfe1 b6 14.b3 Bb7 15.Nb5 Rfd8
16.Rad1 Nb4 17.Nec3 Bc6 18.Na3 Qc7 19.Qb2 Nd7 20.Kh1 exd4 21.Rxd4 Nc5 22.Red1 Qb7
23.Nab5 Qe7 24.Qb1 Rd7 25.Kg1 Rad8 26.h4 Qf6 27.f4 Qe7 28.Bh3 Ne6 29.R4d2 d5
30.exd5 Nxf4 31.gxf4 Qe3+ 32.Kg2 Rd6 33.Re2 Qxf4 34.Qe4  1-0

[Event "Orlova Open 2012"]
[Site "Orlova CZE"]
[Date "2012.05.24"]
[Round "4.2"]
[White "Likavsky,T"]
[Black "Vesselovsky,S"]
[Result "1/2-1/2"]
[WhiteElo "2442"]
[BlackElo "2365"]

1.d4 Nf6 2.c4 e6 3.g3 Bb4+ 4.Bd2 Bxd2+ 5.Qxd2 O-O 6.Bg2 d5 7.Nf3 Nbd7 8.O-O c6
9.Na3 b6 10.Rfc1 Bb7 11.cxd5 cxd5 12.Qb4 a5 13.Qa4 Ba6 14.Bf1 Rc8 15.e3 Bxf1
16.Kxf1 Qe7 17.Nb5 e5 18.Rxc8 Rxc8 19.Na7 Rc4 20.Qd1 e4 21.Nd2 Rc7 22.Nb5 Rc6
23.Rc1 Rxc1 24.Qxc1 Qb4 25.Nc7 h5 26.h4 Qd6 27.Kg2 g6 28.Nb5 Qb4  1/2-1/2

[Event "29th BSG Pinkster Open"]
[Site "Bussum NED"]
[Date "2012.05.26"]
[Round "2.1"]
[White "Sundararajan,K"]
[Black "Smits,Mar"]
[Result "1-0"]
[WhiteElo "2447"]
[BlackElo "2206"]

1.d4 Nf6 2.c4 e6 3.g3 Bb4+ 4.Bd2 Qe7 5.Bg2 Nc6 6.e3 O-O 7.Ne2 Bxd2+ 8.Qxd2 d6
9.Nbc3 e5 10.O-O Re8 11.Rac1 Bf5 12.Nd5 Qd8 13.Nxf6+ Qxf6 14.d5 Nb8 15.c5 Nd7
16.e4 Bg4 17.f3 Bh5 18.c6 bxc6 19.Rxc6 a5 20.Rxc7 Nc5 21.Nc3 Reb8 22.f4 Qd8
23.Rc6 f6 24.fxe5 fxe5 25.Bh3 Qe7 26.Rf2 Rf8 27.Bf5 Rab8 28.Rxc5 dxc5 29.d6 Qa7
30.Nd5 c4 31.Ne7+ Kh8 32.Nc6 Qb6 33.Nxb8 Rxb8 34.d7 Bf7 35.Kg2 Rd8 36.Qg5 Bg8
37.Bg4 Qb8 38.Qe7 c3 39.bxc3  1-0

[Event "4th GM POL-UKR Match"]
[Site "Lublin POL"]
[Date "2012.05.28"]
[Round "5"]
[White "Miton,K"]
[Black "Fedorchuk,S"]
[Result "1/2-1/2"]
[WhiteElo "2622"]
[BlackElo "2634"]

1.d4 Nf6 2.c4 e6 3.g3 Bb4+ 4.Bd2 Bxd2+ 5.Qxd2 d5 6.Bg2 Nbd7 7.Nf3 c6 8.O-O b6
9.Ne5 Bb7 10.Nc3 O-O 11.Rfd1 Qe7 12.Rac1 Rac8 13.f4 Rfd8 14.cxd5 cxd5 15.Nb5 a6
16.Na7 Rxc1 17.Rxc1 Qd6 18.Nac6 Rc8 19.Nxd7 Nxd7 20.Ne5 Rxc1+ 21.Qxc1 Nxe5
22.fxe5 Qc6 23.Qxc6 Bxc6 24.Kf2 a5 25.Ke3 Kf8 26.Bf3 Ke7 27.h4 h6 28.Kd3 Bb5+
29.Ke3 Bc6 30.Kd3 Bb5+ 31.Ke3 Bc6 32.Kd3 Bb5+ 33.Kc3 Bc6  1/2-1/2

[Event "Asian Junior Open 2012"]
[Site "Tashkent UZB"]
[Date "2012.06.04"]
[Round "6.2"]
[White "Khoroshev,N"]
[Black "Begmuratov,Alisher"]
[Result "1-0"]
[WhiteElo "2319"]
[BlackElo "2249"]

1.d4 Nf6 2.c4 e6 3.g3 Bb4+ 4.Bd2 Bxd2+ 5.Qxd2 O-O 6.Bg2 d6 7.Nc3 Nbd7 8.Nf3 e5
9.O-O Qe7 10.e3 c6 11.Qc2 Re8 12.h3 Nf8 13.Nd2 Ng6 14.b4 Be6 15.d5 Bd7 16.dxc6 bxc6
17.b5 Rac8 18.Qd3 cxb5 19.cxb5 d5 20.Nxd5 Nxd5 21.Bxd5 Bxh3 22.Rfc1 Rcd8
23.e4 h5 24.Qe3 Be6 25.Bxe6 Qxe6 26.Nf3 h4 27.Rc7 hxg3 28.fxg3 Qg4 29.Nh2 Qh3
30.Qf2 Rd7 31.Rac1 Red8 32.Nf1 Qg4 33.Rxd7 Qxd7 34.a4 Qb7 35.Rc4 Rd1 36.Qc5 Ra1
37.Qc8+ Qxc8 38.Rxc8+ Kh7 39.Ra8 Rxa4 40.b6 Rb4 41.Rxa7 Rxb6 42.Rxf7 Kg8
43.Ra7 Rb3 44.Kf2 Nf8 45.Nh2 Rd3 46.Nf3 Ng6 47.Ra6 Ne7 48.Nxe5 Rc3 49.Ra8+ Kh7
50.Rd8 Kh6 51.Re8 Rc7 52.Ke3 Kg5 53.Kd4 Kf6 54.Rf8+ Ke6 55.Nd3 Nc6+ 56.Ke3 Ke7
57.Rh8 Rb7 58.Rc8 Nd8 59.Nc5 Ra7 60.Kf4 Ne6+ 61.Nxe6 Kxe6 62.Rc6+ Kf7 63.Rd6 Rb7
64.Kf5 Re7 65.e5 g6+ 66.Kf4 Kg7 67.g4 Kf7 68.Ra6 Kg7 69.Rc6 Kf7 70.Rd6 Ra7
71.Kg5 Ra5 72.Rf6+ Ke7 73.Kxg6 Rxe5 74.g5 Re1 75.Rf2 Rg1 76.Kh6 Rh1+ 77.Kg7 Rg1
78.g6 Re1 79.Rg2 Re3 80.Kg8 Kf6 81.g7 Ra3 82.Rb2 Kg6 83.Rb6+ Kg5 84.Re6 Rf3
85.Re1 Kf6 86.Rh1 Rg3 87.Kh8 Rxg7 88.Rf1+ Kg6  1-0

[Event "4th Rheinland-Pfalz Open 2012"]
[Site "Altenkirchen GER"]
[Date "2012.06.09"]
[Round "5.7"]
[White "Teske,H"]
[Black "Schoenhof,T"]
[Result "1-0"]
[WhiteElo "2534"]
[BlackElo "2033"]

1.d4 Nf6 2.c4 e6 3.g3 Bb4+ 4.Bd2 Qe7 5.Bg2 Bxd2+ 6.Nxd2 d6 7.e4 e5 8.Ne2 O-O
9.O-O a5 10.Rc1 Nc6 11.d5 Nb4 12.a3 Nd3 13.Rc3 Nc5 14.b4 Na6 15.Qb1 axb4
16.axb4 c5 17.dxc6 bxc6 18.Rb3 Be6 19.Nc3 Rfb8 20.Qb2 Qa7 21.Ra1 Qd4 22.Bf1 h6
23.h3 Kh7 24.Kg2 g5 25.Nf3 Qb6 26.Ne1 Ra7 27.Rba3 Rba8 28.b5 Nc5 29.Rxa7 Rxa7
30.Rxa7 Qxa7 31.bxc6 Ncxe4 32.Nxe4 Nxe4 33.Bd3 Bf5 34.Qc2 Qd4 35.Nf3 Qa1
36.Bxe4  1-0

[Event "16th Voronezh Master Open"]
[Site "Voronezh RUS"]
[Date "2012.06.13"]
[Round "2.3"]
[White "Baryshpolets,A"]
[Black "Romanov,E"]
[Result "0-1"]
[WhiteElo "2487"]
[BlackElo "2631"]

1.d4 Nf6 2.c4 e6 3.g3 Bb4+ 4.Bd2 a5 5.Bg2 d6 6.Nf3 Nbd7 7.O-O e5 8.e3 c6
9.Bc1 e4 10.Ng5 d5 11.c5 h6 12.Nh3 a4 13.a3 Ba5 14.Qxa4 Nf8 15.b4 Bxh3 16.Bxh3 Bc7
17.Qd1 h5 18.f4 exf3 19.Qxf3 h4 20.g4 N8h7 21.Qf5 g6 22.Qf2 Qd7 23.Qxh4 g5
24.Qf2 Nf8 25.Qxf6 Rxh3 26.Qf5 Rxh2 27.Rf2 Rh4 28.Rg2 Qe7 29.Nc3 Ne6 30.Bd2 O-O-O
31.Rf1 Rdh8 32.Rf3 R8h7 33.b5 Kb8 34.b6 Bf4 35.Ne2 Ng7 36.Qd3 Bh2+ 37.Kf1 Qe6
38.Be1 R4h6 39.Ng3 Rh3 40.Qe2 Kc8 41.Nh5 Rxf3+ 42.Qxf3 Bb8 43.Nxg7 Rxg7 44.Bg3 Bxg3
45.Qxg3 f5 46.Rf2 f4 47.exf4 Qe4 48.Re2 Qh1+ 49.Kf2 Rh7 50.fxg5 Rf7+ 51.Ke3 Qc1+
52.Rd2 Re7+  0-1

[Event "16th Voronezh Master Open"]
[Site "Voronezh RUS"]
[Date "2012.06.16"]
[Round "5.9"]
[White "Mozharov,M"]
[Black "Yemelin,V"]
[Result "0-1"]
[WhiteElo "2493"]
[BlackElo "2568"]

1.d4 Nf6 2.c4 e6 3.g3 Bb4+ 4.Bd2 Be7 5.Bg2 d5 6.Nf3 c6 7.Qc2 b6 8.O-O Ba6
9.b3 O-O 10.Rd1 Nbd7 11.Nc3 Rc8 12.e4 dxc4 13.e5 Nd5 14.Qe4 Qc7 15.Bf1 b5
16.bxc4 Nxc3 17.Bxc3 bxc4 18.Qg4 Nb6 19.Ba5 c5 20.d5 exd5 21.Rxd5 Qc6 22.Rdd1 Rcd8
23.Rdc1 f5 24.exf6 Bxf6 25.Rab1 Bc8 26.Qf4 Bb2 27.Ne5 Bxe5 28.Qxe5 Bb7  0-1

[Event "Paleros Open"]
[Site "Paleros GRE"]
[Date "2012.06.20"]
[Round "6"]
[White "Dragomirescu,An"]
[Black "Zavoronkov,V"]
[Result "0-1"]
[WhiteElo "2270"]
[BlackElo "2371"]

1.d4 Nf6 2.c4 e6 3.g3 Bb4+ 4.Bd2 Qe7 5.Bg2 O-O 6.Nf3 Bxd2+ 7.Qxd2 d6 8.Nc3 e5
9.d5 c5 10.e4 h6 11.O-O Nh5 12.Ne1 f5 13.exf5 Bxf5 14.Nd3 Qf6 15.Rae1 Qg6
16.Ne4 Nf6 17.f3 Na6 18.Ndf2 Nxe4 19.fxe4 Bd7 20.Nd1 b6 21.b3 Nc7 22.Nc3 Rab8
23.Rxf8+ Rxf8 24.Rf1 Rxf1+ 25.Bxf1 Ne8 26.Bg2 Nf6 27.Qe3 Qh5 28.Bf3 Qe8 29.Qe2 a6
30.a4 Qg6 31.Qe3 Nh7 32.Be2 Ng5 33.Bd1 Nh3+ 34.Kf1 Qf6+ 35.Ke1 Kh7 36.Be2 Qg6
37.Nd1 Ng5 38.Nf2 Kg8 39.h4 Nh7 40.Qf3 Nf6 41.Kf1 Kf8 42.Kg2 Ke7 43.Kf1 Kd8
44.Ke1 Kc7 45.Kf1 Qe8 46.Qc3 g5 47.Qf3 Qe7 48.hxg5 hxg5 49.Kg2 Qg7 50.Qe3 Qg6
51.Qf3 g4 52.Qe3 Qh5 53.Qc1 Qg6 54.Qe3 Nh7 55.Kg1 Qh5 56.Kg2 Ng5 57.Qc1 Nh3
58.Nd1 Nf4+ 59.gxf4 Qh3+ 60.Kg1 Qg3+ 61.Kf1 exf4 62.Qc2 Qh2 63.Bd3 Qh1+ 64.Ke2 g3
65.e5 g2 66.exd6+ Kb7 67.Be4 Qf1+  0-1

[Event "Teplice Open 2012"]
[Site "Teplice CZE"]
[Date "2012.06.23"]
[Round "8.23"]
[White "Jedlicka,A"]
[Black "Klakurka,S"]
[Result "1-0"]
[WhiteElo "2215"]
[BlackElo "1970"]

1.d4 Nf6 2.c4 e6 3.g3 Bb4+ 4.Bd2 Bxd2+ 5.Qxd2 d5 6.Nf3 b6 7.Bg2 Bb7 8.O-O O-O
9.cxd5 exd5 10.Nc3 Nbd7 11.Rac1 Re8 12.Rfd1 c6 13.e3 Qe7 14.Ne1 Rad8 15.Nd3 Ne4
16.Qc2 a5 17.Nxe4 dxe4 18.Nf4 Nf6 19.Qb3 Qb4 20.Qxb4 axb4 21.h4 Nd5 22.Nxd5 Rxd5
23.f3 f5 24.fxe4 fxe4 25.Bf1 b5 26.Rc5 Ra8 27.Bg2 Rad8 28.Rxd5 cxd5 29.Bh3 Rd6
30.Bf1 Rc6 31.Bxb5 Rc2 32.Rf1 Rxb2 33.Bd7 h5 34.Be6+ Kh7 35.Rf7 b3 36.axb3 Rxb3
37.Rd7 Bc8 38.Bf5+  1-0

[Event "Teplice Open 2012"]
[Site "Teplice CZE"]
[Date "2012.06.24"]
[Round "9.9"]
[White "Carstensen,J"]
[Black "Dolezal,Ra1"]
[Result "1/2-1/2"]
[WhiteElo "2305"]
[BlackElo "2370"]

1.d4 Nf6 2.c4 e6 3.g3 Bb4+ 4.Bd2 Qe7 5.Bg2 Nc6 6.e3 Bxd2+ 7.Qxd2 Qb4 8.Qxb4 Nxb4
9.Kd2 d6 10.Nc3 Nc6 11.Nge2 h5 12.h3 Bd7 13.Rab1 O-O-O 14.b4 e5 15.d5 Ne7
16.e4 h4 17.g4 g5 18.Rhc1 Kb8 19.f3 Ng6 20.Bf1 c6 21.dxc6 Bxc6 22.Kc2 Bd7
23.Rd1 Be6 24.Nc1 Rd7 25.Nb3 Rc8 26.Nd2 Ne7 27.a3 Nc6 28.Nb3 Ne7 29.Nd2 Nc6
30.Nb3 Ne7  1/2-1/2

[Event "Mukachevo Summer Open"]
[Site "Mukachevo UKR"]
[Date "2012.06.29"]
[Round "6.5"]
[White "Koziak,V"]
[Black "Ovsejevitsch,S"]
[Result "1/2-1/2"]
[WhiteElo "2515"]
[BlackElo "2572"]

1.d4 Nf6 2.c4 e6 3.g3 Bb4+ 4.Bd2 a5 5.Bg2 O-O 6.Nf3 d5 7.Qc2 c5 8.cxd5 cxd4
9.Nxd4 Qb6 10.e3 exd5 11.O-O Nc6 12.Nxc6 bxc6 13.Rc1 Bd7 14.Nc3 Rfe8 15.Na4 Qd8
16.Bxb4 axb4 17.Nc5 Bg4 18.h3 Be6 19.a3 bxa3 20.bxa3 Nd7 21.a4 Nxc5 22.Qxc5 Qa5
23.Qxc6 Rec8 24.Qd6 Rxc1+ 25.Rxc1 h6 26.Ra1 Qc3 27.Qa3 Qxa3 28.Rxa3 Ra5 29.g4 Bd7
30.Rd3 Kf8 31.Bxd5 Bxa4 32.f4 Rc5 33.e4 Bc6 34.Bxc6 Rxc6 35.Kf2 g6 36.Ke3 Rc1
37.e5 Rc4 38.Rb3 Ra4 39.Rb8+ Ke7 40.Rb3 Ke6 41.Rb6+ Ke7 42.f5 gxf5 43.gxf5 Rh4
44.Rb7+ Ke8 45.Rb8+ Kd7 46.Rh8 Rxh3+ 47.Ke4 Rh1 48.Rh7 Ke8 49.Rh8+ Kd7 50.Rh7 Ke8
51.Rh8+  1/2-1/2

[Event "ch-SLO 2012"]
[Site "Ljubljana SLO"]
[Date "2012.06.30"]
[Round "1.1"]
[White "Zorko,Ju"]
[Black "Krumpacnik,D"]
[Result "1-0"]
[WhiteElo "2476"]
[BlackElo "2382"]

1.d4 Nf6 2.c4 e6 3.g3 Bb4+ 4.Bd2 Qe7 5.Nf3 Bxd2+ 6.Qxd2 d6 7.Nc3 c6 8.Bg2 e5
9.O-O e4 10.Ng5 d5 11.cxd5 cxd5 12.f3 h6 13.Nh3 Bxh3 14.Bxh3 Nc6 15.e3 exf3
16.Rxf3 O-O 17.Bf5 Rad8 18.Raf1 a6 19.Kg2 Rd6 20.Bb1 Qd8 21.a3 Re6 22.Qd3 g6
23.Ne2 Nh7 24.Nf4 Rd6 25.h4 Ne7 26.b4 f5 27.Qb3 Kg7 28.h5 Ng5 29.R3f2 Ne4
30.Bxe4 fxe4 31.b5 g5 32.Ne6+ Rxe6 33.Rxf8 Qxf8 34.Rxf8 Kxf8 35.g4 axb5 36.Qxb5 b6
37.Qd7 Rf6 38.Qd8+ Kf7 39.a4 Rc6 40.Kf2 Rc8 41.Qxb6 Rc6 42.Qa7 Rc2+ 43.Ke1 Ra2
44.a5 Ra3 45.Kd2 Ra2+ 46.Kd1 Ra1+ 47.Kc2 Ra2+ 48.Kc1 Ra3 49.a6 Rxe3 50.Qb7 Rc3+
51.Kb2 Rc8 52.a7 e3 53.Qxc8 Nxc8 54.a8=Q  1-0

[Event "7th Wroclaw Open A"]
[Site "Wroclaw POL"]
[Date "2012.07.03"]
[Round "2,6"]
[White "Grabarczyk,M"]
[Black "Kaunas,K"]
[Result "0-1"]
[WhiteElo "2442"]
[BlackElo "2247"]

1.d4 Nf6 2.c4 e6 3.g3 Bb4+ 4.Bd2 Qe7 5.Nf3 Bxd2+ 6.Qxd2 Ne4 7.Qc2 Qb4+ 8.Nbd2 Nxd2
9.Nxd2 Nc6 10.e3 Qe7 11.Bg2 d6 12.O-O O-O 13.f4 f5 14.Qc3 a5 15.e4 e5 16.d5 Nd4
17.Rae1 c5 18.dxc6 Nxc6 19.Nf3 fxe4 20.Rxe4 Bg4 21.Re3 Bxf3 22.Bxf3 Qd7 23.Ree1 exf4
24.Bd5+ Kh8 25.Rxf4 Rxf4 26.gxf4 Re8 27.Rxe8+ Qxe8 28.Kf2 Qd8 29.Qe3 h6 30.a3 a4
31.Kf3 Qd7 32.Kg3 Ne7 33.Qe6 Qc7 34.Be4 Ng8 35.Bd3 Nf6 36.Qe3 Qd7 37.h3 Qc6
38.Kh2 d5 39.cxd5 Qxd5 40.Be2 Qd6 41.Kg3 Kg8 42.Kf2 Kf8 43.Bf3 b6 44.Kg3 Nd7
45.Bh5 g6 46.Be2 Nc5 47.Bb5 Kg7 48.Qe5+ Qxe5 49.fxe5 Kf7 50.Kf4 Ke7 51.Bc4 Ne6+
52.Ke3 Nc5 53.h4 g5 54.h5 Ne6 55.Be2 Nf4 56.Bd1 Kd8 57.Ke4 Ke7 58.Kd4 Ke6
59.Bg4+ Kf7 60.Ke4 Ke7 61.Bd1 Ke6 62.Bf3 Ke7 63.Bd1 Ke6 64.Bg4+ Ke7 65.Bf3 Ke6
66.Bd1 Ke7 67.Kf5 Kf7 68.Bxa4 Nxh5 69.Bb3+ Ke7 70.Kg6 Nf4+ 71.Kxh6 g4 72.Bd1 g3
73.Bf3 g2 74.Bxg2 Nxg2 75.a4 Nf4 76.b4 Nd5 77.a5 b5 78.a6 Ke6 79.a7 Nc7 80.Kg7 Kxe5
81.Kf7 Kd6 82.Kf6 Na8 83.Kf7 Kc6 84.Ke7 Kb7 85.Kd6 Kxa7 86.Kc6 Ka6 87.Kc5 Nb6
88.Kc6 Na4  0-1

[Event "NIKI Open 2012"]
[Site "Nachod CZE"]
[Date "2012.07.04"]
[Round "5.8"]
[White "Jirka,J"]
[Black "Kulhanek,T"]
[Result "1-0"]
[WhiteElo "2408"]
[BlackElo "2383"]

1.d4 Nf6 2.c4 e6 3.g3 Bb4+ 4.Bd2 Qe7 5.Nf3 Bxd2+ 6.Qxd2 Ne4 7.Qc2 Qb4+ 8.Nbd2 Nxd2
9.Nxd2 Nc6 10.e3 Qe7 11.Bg2 O-O 12.O-O d6 13.Rac1 e5 14.d5 Nb4 15.Qb1 a5
16.c5 dxc5 17.Nb3 Rd8 18.Rfd1 Bg4 19.Rd2 Bh5 20.Nxc5 c6 21.d6 Rxd6 22.Rxd6 Qxd6
23.Nxb7 Qd2 24.a3 Bg6 25.e4 Nd3 26.Rc2 Qe1+ 27.Qxe1 Nxe1 28.Re2 Nxg2 29.Kxg2 Kf8
30.f3 Ke7 31.Rd2 f5 32.exf5 Bxf5 33.Re2 Kf6 34.Kf2 e4 35.fxe4 Bg4 36.Rc2 Ke5
37.Ke3 Rf8 38.Rc5+ Ke6 39.Nxa5 Rf3+ 40.Kd4 Rf2 41.Rxc6+ Kd7 42.b4 Rxh2 43.Rc3 g5
44.Ke5 Rf2 45.b5 Rb2 46.Rb3 Rxb3 47.Nxb3 h5 48.Nd4 Kc7 49.Nc2 Kb6 50.Ne3 Be2
51.a4 Ka5 52.Nd5 Bd3 53.Kd4 Bc2 54.b6  1-0

[Event "Int Open ch-SVK 2012"]
[Site "Banska Stiavnica SVK"]
[Date "2012.07.07"]
[Round "1.12"]
[White "Likavsky,T"]
[Black "Haring,V"]
[Result "1-0"]
[WhiteElo "2438"]
[BlackElo "2072"]

1.d4 Nf6 2.c4 e6 3.g3 Bb4+ 4.Bd2 c5 5.Bxb4 cxb4 6.Bg2 Nc6 7.e4 d6 8.Ne2 O-O
9.a3 Qb6 10.O-O e5 11.axb4 Qxb4 12.Nbc3 exd4 13.Nxd4 Ne5 14.Ndb5 Be6 15.b3 Rfd8
16.Ra4 Qc5 17.Qd2 Bd7 18.Ra2 Bxb5 19.Nxb5 a6 20.Rfa1 Nc6 21.Nc3 Rac8 22.Na4 Qh5
23.h3 Qe5 24.Nc3 Nd4 25.Rb1 b5 26.Rxa6 bxc4 27.b4 Nb3 28.Qe3 Qe7 29.Rd1 d5
30.exd5 Qxb4 31.Rxf6 gxf6 32.Ne4 Qe7 33.Qh6 Rd6 34.Nxd6 Qxd6 35.Be4  1-0

[Event "NIKI Open 2012"]
[Site "Nachod CZE"]
[Date "2012.07.07"]
[Round "8.3"]
[White "Jirka,J"]
[Black "Voloshin,L"]
[Result "1/2-1/2"]
[WhiteElo "2408"]
[BlackElo "2434"]

1.d4 Nf6 2.c4 e6 3.g3 Bb4+ 4.Bd2 Qe7 5.Nf3 Nc6 6.Nc3 Bxc3 7.Bxc3 Ne4 8.Rc1 O-O
9.Bg2 d6 10.d5 Nxc3 11.Rxc3 Nb8 12.dxe6 fxe6 13.O-O Nd7 14.Nd4 Nf6 15.Qb3 c5
16.Nc2 Rb8 17.Rd1 Ng4 18.f3 Ne5 19.f4 Nf7 20.e4 b6 21.Rcd3 Bb7 22.Ne3 Rfd8
23.Ng4 Bc6 24.Qc2 Qb7 25.Qe2 b5 26.b3 bxc4 27.bxc4 a5 28.Nf2  1/2-1/2

[Event "Werner-Ott-Open 2012"]
[Site "Berlin GER"]
[Date "2012.07.09"]
[Round "3.7"]
[White "Krefenstein,Sergej"]
[Black "Gaerths,R"]
[Result "1/2-1/2"]
[WhiteElo "2038"]
[BlackElo "2258"]

1.d4 Nf6 2.c4 e6 3.g3 Bb4+ 4.Bd2 Qe7 5.Nf3 Nc6 6.Nc3 d5 7.Bg2 O-O 8.O-O Rd8
9.a3 Bxc3 10.Bxc3 Ne4 11.Qc2 a5 12.b3 Bd7 13.Nd2 Nxc3 14.Qxc3 Be8 15.Rfd1 f5
16.Nf1 Bf7 17.Ne3 g6 18.Nc2 g5 19.cxd5 exd5 20.e3 Qd6 21.b4 Bh5 22.Rdc1 Be2
23.Bf1 Bxf1 24.Kxf1 axb4 25.axb4 Rxa1 26.Rxa1 f4 27.b5 Ne7 28.Ra7 fxg3 29.hxg3 Rf8
30.Kg1 Qb6 31.Qa5 Qf6 32.Qe1 Qb6 33.Qa5 Qf6 34.Qe1 Qg6 35.Qe2 Qb6 36.Ra1 Nf5
37.Qh5 Qf6 38.Qf3 Qe6 39.Qg4 Qg6 40.Nb4 h5 41.Qf3 c6 42.bxc6 bxc6 43.Qe2 Re8
44.Qc2 Re6 45.Ra6 Ne7 46.Qxg6+ Rxg6 47.Nd3 Re6 48.Ne5 Kg7 49.Kg2 Kf6 50.Nd3 Kf5
51.Nc5 Rh6 52.Ra7 Kf6 53.Nd7+ Ke6 54.Nc5+ Kf6 55.Nd7+  1/2-1/2

[Event "ch-NOR 2012"]
[Site "Sandefjord NOR"]
[Date "2012.07.09"]
[Round "4.2"]
[White "Agdestein,S"]
[Black "Urkedal,F"]
[Result "1/2-1/2"]
[WhiteElo "2559"]
[BlackElo "2436"]

1.d4 Nf6 2.c4 e6 3.g3 Bb4+ 4.Bd2 Qe7 5.Bg2 Nc6 6.e3 e5 7.d5 Bxd2+ 8.Qxd2 Nb8
9.Nc3 d6 10.Nge2 O-O 11.h3 Nbd7 12.g4 Nb6 13.b3 a5 14.Ng3 Nfd7 15.O-O Nc5
16.f4 Qh4 17.Nce2 exf4 18.exf4 f5 19.g5 Bd7 20.Kh2 h6 21.gxh6 Qxh6 22.Rac1 Qh4
23.Rc3 Rae8 24.Nd4 Re7 25.Nf3 Qxg3+ 26.Kxg3 Ne4+ 27.Kh2 Nxd2 28.Nxd2 Re2
29.Rd1 Be8 30.Kg1 Bh5 31.Bf1 Re7 32.Rdc1 Nd7 33.a3 Rfe8 34.b4 axb4 35.axb4 Nf6
36.Bg2 Be2 37.Nb3 Nh5 38.Nd4 Nxf4 39.Nxf5  1/2-1/2

[Event "35th Taminco Open"]
[Site "Ghent BEL"]
[Date "2012.07.14"]
[Round "2.35"]
[White "Verhaeren,G"]
[Black "Vandenbroucke,Tim"]
[Result "1/2-1/2"]
[WhiteElo "2055"]
[BlackElo "1904"]

1.d4 Nf6 2.c4 e6 3.g3 Bb4+ 4.Bd2 Qe7 5.Bg2 Bxd2+ 6.Qxd2 d6 7.Nc3 a6 8.Nf3 Nbd7
9.O-O O-O 10.b4 c5 11.dxc5 dxc5 12.b5 Rb8 13.Rfd1 Nb6 14.Qf4 Bd7 15.Ne5 Rfd8
16.a4 a5 17.Nxd7 Nbxd7 18.Qc7 Rdc8 19.Qf4 Rd8 20.Rd3 Nf8 21.Rad1 Ng6 22.Qd2 Rxd3
23.Qxd3 Ne5 24.Qd2 Ng6 25.b6 e5 26.Nb5 e4 27.Qxa5 Rd8 28.Qe1 Ne5 29.Rc1 e3
30.h3 Qe6 31.a5 Nc6 32.Nc7 exf2+ 33.Qxf2 Qd6 34.Nd5 Nxa5 35.Nxf6+ gxf6 36.Bd5 Qe5
37.Rf1 Rd6 38.Kg2 Nxc4 39.Bxc4 Qe4+ 40.Qf3 Qxc4 41.Qxb7 Rd2 42.Qc8+ Kg7 43.Qg4+ Qxg4
44.hxg4 Rxe2+ 45.Rf2 Re7 46.Rb2 Rb7 47.Kf3 f5 48.gxf5 Kf6 49.Ke4 c4 50.Rb5 h5
51.Kd4 c3 52.Kxc3 Kg5 53.Kd4 Kg4 54.Kc5 Kxg3 55.Kc6 Rb8 56.Kc7 Rh8 57.b7 h4
58.b8=Q Rxb8 59.Rxb8 Kf4 60.f6 Kf5 61.Kd6 Kxf6  1/2-1/2

[Event "11th Condom Open A"]
[Site "Condom FRA"]
[Date "2012.07.15"]
[Round "2.1"]
[White "Favarel,A"]
[Black "Dgebuadze,A"]
[Result "0-1"]
[WhiteElo "2267"]
[BlackElo "2563"]

1.d4 Nf6 2.c4 e6 3.g3 Bb4+ 4.Bd2 Bxd2+ 5.Qxd2 Qe7 6.Bg2 Nc6 7.e3 e5 8.d5 Nb8
9.d6 Qxd6 10.Qxd6 cxd6 11.Nc3 Nc6 12.Rd1 Ke7 13.Nge2 a6 14.g4 b5 15.g5 Ne8
16.cxb5 axb5 17.Ng3 g6 18.f4 Ra5 19.Nd5+ Kd8 20.a3 Bb7 21.O-O exf4 22.exf4 h6
23.Ne4 Ne7 24.Nxe7 Bxe4 25.Bxe4 Kxe7 26.Rfe1 hxg5 27.fxg5 Ng7 28.Bxg6+ Ne6
29.Be4 b4 30.Rd5 Rxd5 31.Bxd5 Rh5 32.axb4 Rxg5+ 33.Bg2 Rb5 34.Re4 d5 35.Re5 Rxb4
36.Rxd5 Rxb2 37.Rf5 Nd4 38.Rd5 Ne2+ 39.Kf1 Nf4  0-1